La gente de los manglares (Registro nro. 2356)
[ vista simple ]
| 000 -CABECERA | |
|---|---|
| Longitud fija campo de control | 01408cgm a22002535a 4500 |
| 005 - • FECHA Y HORA DE LA ÚLTIMA TRANSACCIÓN | |
| Fecha y hora de la última transacción | 20220316235838.0 |
| 008 - • CÓDIGOS DE INFORMACIÓN DE LONGITUD FIJA | |
| Códigos de información de longitud fija | 021118s2002 ck 026 g s vuspa |
| 041 0# - • CÓDIGO DE LENGUA | |
| Código de lengua del texto/banda sonora o título independiente | spa |
| 082 04 - • NÚMERO DE LA CLASIFICACIÓN DECIMAL DEWEY | |
| Número de clasificación (R) | 578.7698 |
| Número del ítem | G25 |
| 040 ## - FUENTE DE LA CATALOGACIÓN | |
| Centro catalogador de origen | CO-BoRNBP |
| Lengua de catalogación | spa |
| Normas de descripción | rda |
| Centro transcriptor | CO-BoRNBP |
| 245 03 - • TITULO PROPIAMENTE DICHO | |
| Título | La gente de los manglares |
| Medio | videograbación |
| 250 ## - • MENCIÓN DE EDICIÓN | |
| Mención de edición | Primera edición |
| 264 ## - PRODUCCIÓN, PUBLICACIÓN , DISTRIBUCIÓN, FABRICACIÓN Y COPYRIGHT | |
| Lugar de producción, publicación, distribución, fabricación | Bogotá |
| Nombre del productor, editor, distribuidor, fabricante | Fernando Riaño Producciones Imágenes de la Naturaleza |
| Fecha de de producción, publicación, distribución, fabricación o copyright | 2002 |
| 300 ## - • DESCRIPCIÓN FÍSICA | |
| Extensión | 1 videocasete (apróximadamente 26 minutos) |
| Otras características físicas | sonido, color |
| 336 ## - TIPO DE CONTENIDO | |
| Término de tipo de contenido | texto |
| Código de tipo de contenido | txt |
| Fuente | rdacontent |
| 337 ## - TIPO DE MEDIO | |
| Nombre del tipo de medio | sin mediación |
| Código del tipo de medio | n |
| Fuente | rdamedia |
| 338 ## - TIPO DE SOPORTE | |
| Nombre del tipo de soporte | volumen |
| Código del tipo de soporte | nc |
| Fuente | rdacarrier |
| 490 0# - • MENCIÓN DE SERIE | |
| Mención de serie | Expediciones por Colombia |
| 520 3# - • NOTA DE RESUMEN | |
| Resumen, etc, | A lo largo de las costas del Pacífico colombiano toda la comunidad de raíces africanas teje su vida alrededor de los manglares, esos magníficos y hermosos bosques anfibios que crecen a la orilla del mar y albergan una flora y fauna excepcional. Perezosos, pelícanos, tucanes, una gran variedad de aves y animales marinos conviven en el manglar al ritmo de las mareas que suben y bajan, y que derterminan la existencia de los hombres. Descubra la belleza única de nuestro país en estos mágicos parajes. |
| 650 14 - • PUNTO DE ACCESO ADICIONAL DE MATERIA - TÉRMINO DE MATERIA | |
| Término de materia o nombre geográfico como elemento inicial | Conservación de la vida silvestre |
| Subdivisión geográfica | Colombia |
| Subdivisión de forma | Videocasetes |
| Fuente del encabezamiento o término | LEMB |
| 650 14 - • PUNTO DE ACCESO ADICIONAL DE MATERIA - TÉRMINO DE MATERIA | |
| Término de materia o nombre geográfico como elemento inicial | Ecosistemas |
| Subdivisión geográfica | Colombia |
| Subdivisión de forma | Videocasetes |
| Fuente del encabezamiento o término | LEMB |
| 650 14 - • PUNTO DE ACCESO ADICIONAL DE MATERIA - TÉRMINO DE MATERIA | |
| Término de materia o nombre geográfico como elemento inicial | Fauna |
| Subdivisión geográfica | Colombia |
| Subdivisión de forma | Videocasetes |
| Fuente del encabezamiento o término | LEMB |
| 942 ## - ENTRADA DE ELEMENTOS AGREGADOS (KOHA) | |
| Fuente de clasificaión o esquema | Dewey Decimal Classification |
| Koha [por defecto] tipo de item | |
No hay ítems disponibles.